The WORLD list of threatened trees

Bibliographic Details
Other Authors: Lusty, MacKinven, Oldfield
Format: Book
Published: Cambridge, UK : World Conservation Press , 1998
Subjects:

MARC

LEADER 00000cam a2200000 7i4500
001 0000000095
005 20000630.0
020 0 0 |a 189962810X 
090 0 0 |a R634.97   |b WOR 1998 
245 0 4 |a The WORLD list of threatened trees   |c compiled by Sara Oldfield, Charlotte Lusty and Amy MacKinven 
260 0 0 |a Cambridge, UK :   |b World Conservation Press ,   |c 1998 
300 |a 650 p. ;   |c 30 cm. 
650 0 0 |a Endangered plants 
650 0 0 |a Trees 
700 0 1 |a Lusty   |h Charlotte 
700 0 1 |a MacKinven   |h Amy 
700 0 1 |a Oldfield   |h Sara 
999 |a 0000001016   |b Monograph   |c Reference   |e Default branch